{"text_format":"3","workbook":"xlsx","n_sheets":3,"sheets":["Sheet1","Sheet2","Sheet3"],"read":"whole","date_system":"1900"}

{"sheet":"Sheet1","index":0,"n_rows":34,"n_cols":8,"rows_kept":34,"merged":[[0,1,0,7],[30,1,30,5],[31,1,31,5],[32,0,32,7],[33,5,40,7]]}
[]
["序号","项目","规格","数量","单位","单价","小计","制作安装项目描述"]
[1,"喷绘",null,1580,"平米",12,{"$f":"D3*F3","v":18960},"喷绘CAD设计制作安装(不含二次安装)"]
[null,"反光膜",null,188,"平米",125,{"$f":"D4*F4","v":23500},"1.CAD设计图，安装(不含二次安装)\n2.材质、规格：字膜为反光膜，底膜工程级为Ⅱ级，字膜工程级为Ⅱ级。\n"]
[2,"施工提示牌 ","1600*2000mm",15,"套",1050,{"$f":"D5*F5","v":15750},"1.CAD设计图\n2.材质、规格：1MM不锈钢板制作,字膜为反光膜，底膜工程级为Ⅱ级，字膜工程级为Ⅱ级。\n3.底部安装40*60*2镀锌管支架，30*30*2镀锌管背架，支撑"]
[3,"施工提示牌 ","1200*3000mm",36,"套",1150,41400,"1.CAD设计图\n2.材质、规格：1MM不锈钢板制作,字膜为反光膜，底膜工程级为Ⅱ级，字膜工程级为Ⅱ级。\n3.底部安装40*60*2MM镀锌管支架，30*30*2MM镀锌管背架，支撑"]
[4,"施工提示牌 （移动式）","800*1200mm",24,"套",320,7680,"1.CAD设计图\n2.材质、规格：1mm不锈钢板制作,字膜为反光膜，底膜工程级为Ⅱ级，字膜工程级为Ⅱ级。\n3.30*30*2MM镀锌管背架"]
[5,"道路交通提示牌 ","3000x4000mm",16,"套",3840,61440,"1.CAD设计图\n2.材质、规格：1MM不锈钢板制作,字膜为反光膜，底膜工程级为Ⅱ级，字膜工程级为Ⅱ级。\n3.底部安装40*60*2MM镀锌管支架，30*30*2MM镀锌管背架，支撑"]
[6,"道路交通提示牌 ","1000*2500mm",28,"套",800,22400,"1.CAD设计图\n2.材质、规格：1MM不锈钢板制作,字膜为反光膜，底膜工程级为Ⅱ级，字膜工程级为Ⅱ级。\n3.底部安装40*60*2MM镀锌管支架，30*30*2MM镀锌管背架，支撑"]
[7,"道路交通提示牌 ","1000*1500mm",32,"套",600,19200,"1.CAD设计图\n2.材质、规格：1MM不锈钢板制作,字膜为反光膜，底膜工程级为Ⅱ级，字膜工程级为Ⅱ级。\n3.底部安装40*60*2MM镀锌管支架，30*30*2MM镀锌管背架，支撑"]
[8,"道路交通提示牌 ","1150*1500mm",45,"套",680,30600,"1.CAD设计图\n2.材质、规格：1MM不锈钢板制作,字膜为反光膜，底膜工程级为Ⅱ级，字膜工程级为Ⅱ级。\n3.底部安装40*60*2MM镀锌管支架，30*30*2MM镀锌管背架，支撑"]
[9,"道路交通提示牌 ","2000x2000mm",20,"套",1280,25600,"1.CAD设计图\n2.材质、规格：1MM不锈钢板制作,字膜为反光膜，底膜工程级为Ⅱ级，字膜工程级为Ⅱ级。\n3.底部安装40*60*2MM镀锌管支架，30*30*2MM镀锌管背架，支撑"]
[10,"转角镜","φ800",6,"套",380,2280,"成品转角镜+3米高直径80MM厚度2MM镀锌管立柱材料制作安装综合单价"]
[11,"喷绘画面施工公告（立柱式）","3000x4000mm",4,"套",2060,8240,"1.CAD设计图\n2.材质、规格：1MM不锈钢板制作,喷绘.\n3.底部安装40*60*2MM镀锌管支架，30*30*2MM镀锌管背架，支撑\n4.土方预埋安装"]
[12,"喷绘画面施工公告（落地座牌式）","2000x2000mm",16,"套",720,11520,"1.CAD设计图\n2.材质、规格：1MM不锈钢板制作,喷绘.\n3.底部安装40*60*2MM镀锌管支架，30*30*2MM镀锌管背架，支撑"]
[13,"地面交通标志标识字","1200x1200mm",20,"个",260,5200,"5毫米PVC板镂空雕刻，马路专用漆填充路面字（0.5厘米PVC板镂空模型+路面漆材料+填充人工费）"]
[14,"交通标识圆牌","φ800",44,"套",580,25520,"1.CAD设计图\n2.材质、规格：3mm厚铝板制作,字膜为反光膜，底膜工程级为Ⅱ级，字膜工程级为Ⅲ级，配套抱箍等。\n3.3米高直径80MM厚度2MM镀锌管立柱材料制作\n4.土方预埋安装"]
[15,"交通标识方牌","800*800mm",16,"套",580,9280,"1.CAD设计图\n2.材质、规格：3mm厚铝板制作,字膜为反光膜，底膜工程级为Ⅱ级，字膜工程级为Ⅲ级，配套抱箍等。\n3.3米高直径80MM厚度2MM镀锌管立柱材料制作\n4.土方预埋安装"]
[16,"交通标识三角牌",null,12,"套",680,8160,"1.CAD设计图\n2.材质、规格：3mm厚铝板制作,字膜为反光膜，底膜工程级为Ⅱ级，字膜工程级为Ⅲ级，配套抱箍等。\n3.3米高直径80MM厚度2MM镀锌管立柱材料制作\n4.土方预埋安装"]
[17,"交通标识方牌","800x1200mm",20,"套",750,15000,"1.CAD设计图\n2.材质、规格：3mm厚铝板制作,字膜为反光膜，底膜工程级为Ⅱ级，字膜工程级为Ⅲ级，配套抱箍等。\n3.3米高直径80MM厚度2MM镀锌管立柱材料制作\n4.土方预埋安装"]
[18,"交通标识方牌","250*800mm",20,"套",140,2800,"1.CAD设计图\n2.材质、规格：3mm厚铝板制作,字膜为反光膜，底膜工程级为Ⅱ级，字膜工程级为Ⅲ级，配套抱箍等。\n"]
[19,"交通标识方牌","3000x600mm",12,"套",1080,12960,"1.CAD设计图\n2.材质、规格：1MM不锈钢板制作,字膜为反光膜，底膜工程级为Ⅱ级，字膜工程级为Ⅱ级。\n3.30*30*2MM镀锌管背架（用抱箍安装在路灯指示牌下口，高空作业安装）"]
[20,"交通标识方牌","600*1200mm",18,"套",480,8640,"1.CAD设计图\n2.材质、规格：1MM不锈钢板制作,字膜为反光膜，底膜工程级为Ⅱ级，字膜工程级为Ⅱ级。\n3.3米高40*60厚2镀锌方管立柱\n4.土方预埋安装"]
[21,"交通标识方牌",null,15,"套",360,5400,"1.CAD设计图\n2.材质、规格：1MM不锈钢板制作,字膜为反光膜，底膜工程级为Ⅱ级，字膜工程级为Ⅱ级。\n3.3米高40*60厚2镀锌方管立柱\n4.土方预埋安装"]
[22,"围挡反光条",null,1200,"米",3,3600,"5cm宽红白反光条购买安装综合单价"]
[23,"围挡2.5米高","2.5m",360,"平方",63,22680,"1.CAD设计图\n2.材质、规格：40*40*2镀锌方管结构架立柱,30*30*2正面钢结构框架,小草色彩钢瓦饰面。\n"]
[24,"围挡大门","2*6m",8,"套",1200,9600,"1.CAD设计图\n2.材质、规格：40*40*2镀锌方管结构架立柱,小草色彩钢瓦饰面。\n（含万向轮、合页、地插等配件）"]
[25,"推拉伸缩门",null,30,"米",350,10500,"铝型材手动伸缩门定做安装综合单价"]
[26,"斜坡垫",null,65,"米",130,8450,"型材车辆斜坡垫"]
[27,"小计",{"$nulls":4},{"$f":"SUM(G3:G29)","v":436360}]
[28,"税*0.03",{"$nulls":4},{"$f":"G30*0.03","v":13090.8}]
[29,"合计",{"$nulls":4},{"$f":"SUM(G30:G31)","v":449450.8}]
["备注：以上单价均已包含人工费、设计费、配送费（含二次转运）、安装费，未尽事项均按市场价格核算。"]
[{"$nulls":5},"报价单位：雅安市义博广告有限责任公司\n联系人：刘汉江\n联系电话：13980172622"]

{"sheet":"Sheet2","index":1,"n_rows":34,"n_cols":8,"rows_kept":34,"merged":[[29,1,29,5],[30,1,30,5],[31,0,32,7],[33,0,37,7]]}
["序号","项目","规格","数量","单位","单价","小计","制作安装项目描述"]
[1,"喷绘",null,1580,"平米",15,{"$f":"D2*F2","v":23700},"喷绘CAD设计制作安装(不含二次安装)"]
[null,"反光膜",null,188,"平米",138,{"$f":"D3*F3","v":25944},"1.CAD设计图，安装(不含二次安装)\n2.材质、规格：字膜为反光膜，底膜工程级为Ⅱ级，字膜工程级为Ⅱ级。\n"]
[2,"施工提示牌 ","1600*2000mm",15,"套",1080,{"$f":"D4*F4","v":16200},"1.CAD设计图\n2.材质、规格：1MM不锈钢板制作,字膜为反光膜，底膜工程级为Ⅱ级，字膜工程级为Ⅱ级。\n3.底部安装40*60*2镀锌管支架，30*30*2镀锌管背架，支撑"]
[3,"施工提示牌 ","1200*3000mm",36,"套",1180,42480,"1.CAD设计图\n2.材质、规格：1MM不锈钢板制作,字膜为反光膜，底膜工程级为Ⅱ级，字膜工程级为Ⅱ级。\n3.底部安装40*60*2MM镀锌管支架，30*30*2MM镀锌管背架，支撑"]
[4,"施工提示牌 （移动式）","800*1200mm",24,"套",360,8640,"1.CAD设计图\n2.材质、规格：1mm不锈钢板制作,字膜为反光膜，底膜工程级为Ⅱ级，字膜工程级为Ⅱ级。\n3.30*30*2MM镀锌管背架"]
[5,"道路交通提示牌 ","3000x4000mm",16,"套",3800,60800,"1.CAD设计图\n2.材质、规格：1MM不锈钢板制作,字膜为反光膜，底膜工程级为Ⅱ级，字膜工程级为Ⅱ级。\n3.底部安装40*60*2MM镀锌管支架，30*30*2MM镀锌管背架，支撑"]
[6,"道路交通提示牌 ","1000*2500mm",28,"套",880,24640,"1.CAD设计图\n2.材质、规格：1MM不锈钢板制作,字膜为反光膜，底膜工程级为Ⅱ级，字膜工程级为Ⅱ级。\n3.底部安装40*60*2MM镀锌管支架，30*30*2MM镀锌管背架，支撑"]
[7,"道路交通提示牌 ","1000*1500mm",32,"套",680,21760,"1.CAD设计图\n2.材质、规格：1MM不锈钢板制作,字膜为反光膜，底膜工程级为Ⅱ级，字膜工程级为Ⅱ级。\n3.底部安装40*60*2MM镀锌管支架，30*30*2MM镀锌管背架，支撑"]
[8,"道路交通提示牌 ","1150*1500mm",45,"套",780,35100,"1.CAD设计图\n2.材质、规格：1MM不锈钢板制作,字膜为反光膜，底膜工程级为Ⅱ级，字膜工程级为Ⅱ级。\n3.底部安装40*60*2MM镀锌管支架，30*30*2MM镀锌管背架，支撑"]
[9,"道路交通提示牌 ","2000x2000mm",20,"套",1380,27600,"1.CAD设计图\n2.材质、规格：1MM不锈钢板制作,字膜为反光膜，底膜工程级为Ⅱ级，字膜工程级为Ⅱ级。\n3.底部安装40*60*2MM镀锌管支架，30*30*2MM镀锌管背架，支撑"]
[10,"转角镜","φ800",6,"套",420,2520,"成品转角镜+3米高直径80MM厚度2MM镀锌管立柱材料制作安装综合单价"]
[11,"喷绘画面施工公告（立柱式）","3000x4000mm",4,"套",2580,10320,"1.CAD设计图\n2.材质、规格：1MM不锈钢板制作,字膜为反光膜，底膜工程级为Ⅱ级，字膜工程级为Ⅱ级。\n3.底部安装40*60*2MM镀锌管支架，30*30*2MM镀锌管背架，支撑\n4.土方预埋安装"]
[12,"喷绘画面施工公告（落地座牌式）","2000x2000mm",16,"套",780,12480,"1.CAD设计图\n2.材质、规格：1MM不锈钢板制作,字膜为反光膜，底膜工程级为Ⅱ级，字膜工程级为Ⅱ级。\n3.底部安装40*60*2MM镀锌管支架，30*30*2MM镀锌管背架，支撑"]
[13,"地面交通标志标识字","1200x1200mm",20,"个",280,5600,"5毫米PVC板镂空雕刻，马路专用漆填充路面字（0.5厘米PVC板镂空模型+路面漆材料+填充人工费）"]
[14,"交通标识圆牌","φ800",44,"套",560,24640,"1.CAD设计图\n2.材质、规格：3mm厚铝板制作,字膜为反光膜，底膜工程级为Ⅱ级，字膜工程级为Ⅲ级，配套抱箍等。\n3.3米高直径80MM厚度2MM镀锌管立柱材料制作\n4.土方预埋安装"]
[15,"交通标识方牌","800*800mm",16,"套",580,9280,"1.CAD设计图\n2.材质、规格：3mm厚铝板制作,字膜为反光膜，底膜工程级为Ⅱ级，字膜工程级为Ⅲ级，配套抱箍等。\n3.3米高直径80MM厚度2MM镀锌管立柱材料制作\n4.土方预埋安装"]
[16,"交通标识三角牌",null,12,"套",650,7800,"1.CAD设计图\n2.材质、规格：3mm厚铝板制作,字膜为反光膜，底膜工程级为Ⅱ级，字膜工程级为Ⅲ级，配套抱箍等。\n3.3米高直径80MM厚度2MM镀锌管立柱材料制作\n4.土方预埋安装"]
[17,"交通标识方牌","800x1200mm",20,"套",780,15600,"1.CAD设计图\n2.材质、规格：3mm厚铝板制作,字膜为反光膜，底膜工程级为Ⅱ级，字膜工程级为Ⅲ级，配套抱箍等。\n3.3米高直径80MM厚度2MM镀锌管立柱材料制作\n4.土方预埋安装"]
[18,"交通标识方牌","250*800mm",20,"套",150,3000,"1.CAD设计图\n2.材质、规格：3mm厚铝板制作,字膜为反光膜，底膜工程级为Ⅱ级，字膜工程级为Ⅲ级，配套抱箍等。\n"]
[19,"交通标识方牌","3000x600mm",12,"套",1080,12960,"1.CAD设计图\n2.材质、规格：1MM不锈钢板制作,字膜为反光膜，底膜工程级为Ⅱ级，字膜工程级为Ⅱ级。\n3.30*30*2MM镀锌管背架（用抱箍安装在路灯指示牌下口，高空作业安装）"]
[20,"交通标识方牌","600*1200mm",18,"套",520,9360,"1.CAD设计图\n2.材质、规格：1MM不锈钢板制作,字膜为反光膜，底膜工程级为Ⅱ级，字膜工程级为Ⅱ级。\n3.3米高40*60厚2镀锌方管立柱\n4.土方预埋安装"]
[21,"交通标识方牌",null,15,"套",480,7200,"1.CAD设计图\n2.材质、规格：1MM不锈钢板制作,字膜为反光膜，底膜工程级为Ⅱ级，字膜工程级为Ⅱ级。\n3.3米高40*60厚2镀锌方管立柱\n4.土方预埋安装"]
[22,"围挡反光条",null,1200,"米",4,4800,"5cm宽红白反光条购买安装综合单价"]
[23,"围挡2.5米高","2.5m",360,"平方",65,23400,"1.CAD设计图\n2.材质、规格：40*40*2镀锌方管结构架立柱,30*30*2正面钢结构框架,小草色彩钢瓦饰面。\n"]
[24,"围挡大门","2*6m",8,"套",1580,12640,"1.CAD设计图\n2.材质、规格：40*40*2镀锌方管结构架立柱,小草色彩钢瓦饰面。\n（含万向轮、合页、地插等配件）"]
[25,"推拉伸缩门",null,30,"米",360,10800,"铝型材手动伸缩门定做安装综合单价"]
[26,"斜坡垫",null,65,"米",158,10270,"型材车辆斜坡垫"]
[27,"小计",{"$nulls":4},{"$f":"SUM(G2:G28)","v":469534}]
[28,"税*0.03",{"$nulls":4},{"$f":"G29*0.03","v":14086.02}]
[29,"合计",{"$nulls":4},{"$f":"SUM(G29:G30)","v":483620.02}]
["备注：以上均为厂区常用材料报价，含运输费，安装费。"]
[]
["报价单位：雅安市和心四拾文化传播有限责任公司\n  \n联系电话：18681353902"]

{"sheet":"Sheet3","index":2,"n_rows":33,"n_cols":9,"rows_kept":33,"merged":[[0,0,0,8],[29,1,29,6],[30,1,30,6],[31,1,31,6],[32,0,33,8]]}
["雅安市大兴片区地下综合管廊建设项目道路专业分包临时广告报价单"]
["序号","项目","规格","暂定数量","单位","不含税控制单价\n（元）","不含税报价\n（元）","不含税合计\n（元）","制作安装项目描述"]
[1,"喷绘",null,1580,"平米",12,null,null,"喷绘CAD设计制作安装(不含二次安装)"]
[2,"反光膜",null,188,"平米",125,null,null,"1.CAD设计图，安装(不含二次安装)\n2.材质、规格：字膜为反光膜，底膜工程级为Ⅱ级，字膜工程级为Ⅱ级。\n"]
[3,"施工提示牌 ","1600*2000mm",15,"套",1050,null,null,"1.CAD设计图\n2.材质、规格：1MM不锈钢板制作,字膜为反光膜，底膜工程级为Ⅱ级，字膜工程级为Ⅱ级。\n3.底部安装40*60*2镀锌管支架，30*30*2镀锌管背架，支撑"]
[4,"施工提示牌 ","1200*3000mm",36,"套",1150,null,null,"1.CAD设计图\n2.材质、规格：1MM不锈钢板制作,字膜为反光膜，底膜工程级为Ⅱ级，字膜工程级为Ⅱ级。\n3.底部安装40*60*2MM镀锌管支架，30*30*2MM镀锌管背架，支撑"]
[5,"施工提示牌 （移动式）","800*1200mm",24,"套",320,null,null,"1.CAD设计图\n2.材质、规格：1mm不锈钢板制作,字膜为反光膜，底膜工程级为Ⅱ级，字膜工程级为Ⅱ级。\n3.30*30*2MM镀锌管背架"]
[6,"道路交通提示牌 ","3000x4000mm",16,"套",3840,null,null,"1.CAD设计图\n2.材质、规格：1MM不锈钢板制作,字膜为反光膜，底膜工程级为Ⅱ级，字膜工程级为Ⅱ级。\n3.底部安装40*60*2MM镀锌管支架，30*30*2MM镀锌管背架，支撑"]
[7,"道路交通提示牌 ","1000*2500mm",28,"套",800,null,null,"1.CAD设计图\n2.材质、规格：1MM不锈钢板制作,字膜为反光膜，底膜工程级为Ⅱ级，字膜工程级为Ⅱ级。\n3.底部安装40*60*2MM镀锌管支架，30*30*2MM镀锌管背架，支撑"]
[8,"道路交通提示牌 ","1000*1500mm",32,"套",600,null,null,"1.CAD设计图\n2.材质、规格：1MM不锈钢板制作,字膜为反光膜，底膜工程级为Ⅱ级，字膜工程级为Ⅱ级。\n3.底部安装40*60*2MM镀锌管支架，30*30*2MM镀锌管背架，支撑"]
[9,"道路交通提示牌 ","1150*1500mm",45,"套",680,null,null,"1.CAD设计图\n2.材质、规格：1MM不锈钢板制作,字膜为反光膜，底膜工程级为Ⅱ级，字膜工程级为Ⅱ级。\n3.底部安装40*60*2MM镀锌管支架，30*30*2MM镀锌管背架，支撑"]
[10,"道路交通提示牌 ","2000x2000mm",20,"套",1280,null,null,"1.CAD设计图\n2.材质、规格：1MM不锈钢板制作,字膜为反光膜，底膜工程级为Ⅱ级，字膜工程级为Ⅱ级。\n3.底部安装40*60*2MM镀锌管支架，30*30*2MM镀锌管背架，支撑"]
[11,"转角镜","φ800",6,"套",380,null,null,"成品转角镜+3米高直径80MM厚度2MM镀锌管立柱材料制作安装综合单价"]
[12,"喷绘画面施工公告（立柱式）","3000x4000mm",4,"套",2060,null,null,"1.CAD设计图\n2.材质、规格：1MM不锈钢板制作,字膜为反光膜，底膜工程级为Ⅱ级，字膜工程级为Ⅱ级。\n3.底部安装40*60*2MM镀锌管支架，30*30*2MM镀锌管背架，支撑\n4.土方预埋安装"]
[13,"喷绘画面施工公告（落地座牌式）","2000x2000mm",16,"套",720,null,null,"1.CAD设计图\n2.材质、规格：1MM不锈钢板制作,字膜为反光膜，底膜工程级为Ⅱ级，字膜工程级为Ⅱ级。\n3.底部安装40*60*2MM镀锌管支架，30*30*2MM镀锌管背架，支撑"]
[14,"地面交通标志标识字","1200x1200mm",20,"个",260,null,null,"5毫米PVC板镂空雕刻，马路专用漆填充路面字（0.5厘米PVC板镂空模型+路面漆材料+填充人工费）"]
[15,"交通标识圆牌","φ800",44,"套",580,null,null,"1.CAD设计图\n2.材质、规格：3mm厚铝板制作,字膜为反光膜，底膜工程级为Ⅱ级，字膜工程级为Ⅲ级，配套抱箍等。\n3.3米高直径80MM厚度2MM镀锌管立柱材料制作\n4.土方预埋安装"]
[16,"交通标识方牌","800*800mm",16,"套",580,null,null,"1.CAD设计图\n2.材质、规格：3mm厚铝板制作,字膜为反光膜，底膜工程级为Ⅱ级，字膜工程级为Ⅲ级，配套抱箍等。\n3.3米高直径80MM厚度2MM镀锌管立柱材料制作\n4.土方预埋安装"]
[17,"交通标识三角牌",null,12,"套",680,null,null,"1.CAD设计图\n2.材质、规格：3mm厚铝板制作,字膜为反光膜，底膜工程级为Ⅱ级，字膜工程级为Ⅲ级，配套抱箍等。\n3.3米高直径80MM厚度2MM镀锌管立柱材料制作\n4.土方预埋安装"]
[18,"交通标识方牌","800x1200mm",20,"套",750,null,null,"1.CAD设计图\n2.材质、规格：3mm厚铝板制作,字膜为反光膜，底膜工程级为Ⅱ级，字膜工程级为Ⅲ级，配套抱箍等。\n3.3米高直径80MM厚度2MM镀锌管立柱材料制作\n4.土方预埋安装"]
[19,"交通标识方牌","250*800mm",20,"套",140,null,null,"1.CAD设计图\n2.材质、规格：3mm厚铝板制作,字膜为反光膜，底膜工程级为Ⅱ级，字膜工程级为Ⅲ级，配套抱箍等。\n"]
[20,"交通标识方牌","3000x600mm",12,"套",1080,null,null,"1.CAD设计图\n2.材质、规格：1MM不锈钢板制作,字膜为反光膜，底膜工程级为Ⅱ级，字膜工程级为Ⅱ级。\n3.30*30*2MM镀锌管背架（用抱箍安装在路灯指示牌下口，高空作业安装）"]
[21,"交通标识方牌","600*1200mm",18,"套",480,null,null,"1.CAD设计图\n2.材质、规格：1MM不锈钢板制作,字膜为反光膜，底膜工程级为Ⅱ级，字膜工程级为Ⅱ级。\n3.3米高40*60厚2镀锌方管立柱\n4.土方预埋安装"]
[22,"交通标识方牌","500*800mm",15,"套",360,null,null,"1.CAD设计图\n2.材质、规格：1MM不锈钢板制作,字膜为反光膜，底膜工程级为Ⅱ级，字膜工程级为Ⅱ级。\n3.3米高40*60厚2镀锌方管立柱\n4.土方预埋安装"]
[23,"围挡反光条",null,1200,"米",3,null,null,"5cm宽红白反光条购买安装综合单价"]
[24,"围挡2.5米高","2.5m",360,"平方",63,null,null,"1.CAD设计图\n2.材质、规格：40*40*2镀锌方管结构架立柱,30*30*2正面钢结构框架,小草色彩钢瓦饰面。\n"]
[25,"围挡大门","2*6m",8,"套",1200,null,null,"1.CAD设计图\n2.材质、规格：40*40*2镀锌方管结构架立柱,小草色彩钢瓦饰面。\n（含万向轮、合页、地插等配件）"]
[26,"推拉伸缩门",null,30,"米",350,null,null,"铝型材手动伸缩门定做安装综合单价"]
[27,"斜坡垫",null,65,"米",130,null,null,"型材车辆斜坡垫"]
[28,"不含税总计（元）"]
[29,"税率"]
[30,"含税总计（元）"]
["注：以上材料报价，包含运输，安装，设计等费用。"]